Tribal indebtedness / (Record no. 88343)

MARC details
000 -LEADER
fixed length control field 00619nam a22001937a 4500
005 - DATE AND TIME OF LATEST TRANSACTION
control field 20140908111643.0
010 ## - LCCN (DPL NO)
LC control number ENG-110758
020 ## - INTERNATIONAL STANDARD BOOK NUMBER
International Standard Book Number 9788183876445
Terms of availability 595.00
035 ## - SYSTEM CONTROL NUMBER
System control number EN-94290
037 ## - SOURCE OF ACQUISITION
Source of stock number/acquisition DBAD/PUB
082 ## - DEWEY DECIMAL CLASSIFICATION NUMBER
Classification number 332.74309543
100 ## - MAIN ENTRY--PERSONAL NAME
Personal name Chaudhary, S.N.
245 ## - TITLE STATEMENT
Title Tribal indebtedness /
Statement of responsibility, etc by S.N. Chaudhary
260 ## - PUBLICATION, DISTRIBUTION, ETC. (IMPRINT)
Place of publication, distribution, etc New Delhi
Name of publisher, distributor, etc Serials Publications
Date of publication, distribution, etc 2014
270 ## - ADDRESS
Address 4830/24, Prahlad Street, Ansari Road, Darya Ganj
City New Delhi
Postal code 110002
300 ## - PHYSICAL DESCRIPTION
Extent viii,194p.
Dimensions 22cm(Hb)
500 ## - GENERAL NOTE
General note Includes bibliographical references and index
942 ## - ADDED ENTRY ELEMENTS (KOHA)
Source of classification or shelving scheme Dewey Decimal Classification
Item type English Books
Classification part 332.74309543
Call number suffix CHA
Holdings
Withdrawn status Lost status Not for loan Collection code Home library Current library Date acquired Source of acquisition Cost, normal purchase price Full call number Barcode Copy number Cost, replacement price Koha item type
    Not For Loan Non-fiction D.B.Act.Division D.B.Act.Division 05/09/2014 DBAD / PUB 595.00 332.74309543 CHA EN-94290 1 595.00 English Books

© Delhi Public Library
Hit Counter
free hit counter